Fix your own LAN (Record no. 41219)

MARC details
000 -LEADER
fixed length control field 00330nam a2200133Ia 4500
082 ## - DEWEY DECIMAL CLASSIFICATION NUMBER
Classification number 681.31LAN
Item number SAS
100 ## - MAIN ENTRY--AUTHOR NAME
Personal name McLaughlin, Robert
245 #0 - TITLE STATEMENT
Title Fix your own LAN
250 ## - EDITION STATEMENT
Edition statement Ed.2
260 ## - PUBLICATION, DISTRIBUTION, ETC. (IMPRINT)
Place of publication New Delhi
Name of publisher BPB Publications
Year of publication 1994
700 ## - ADDED ENTRY--PERSONAL NAME
Personal name Sasser, Susan B
942 ## - ADDED ENTRY ELEMENTS (KOHA)
Koha item type Books
Holdings
Withdrawn status Lost status Damaged status Not for loan Home library Current library Date acquired Cost, normal purchase price Full call number Accession Number Koha item type
        RRII Library RRII Library 16/12/2021 270.00 681.31LAN SAS 21510 Books